La Intendencia en España y América / (Record no. 107521)

MARC details
000 -LEADER
campo de control de longitud fija 00938nam a2200241 4500
001 - NÚMERO DE CONTROL
campo de control 107521
003 - IDENTIFICADOR DE NÚMERO DE CONTROL
campo de control ES-MaACL
005 - FECHA Y HORA DE LA ÚLTIMA TRANSACCIÓN
campo de control 20230906184434.0
007 - CAMPO FIJO DE DESCRIPCIÓN FÍSICA--INFORMACIÓN GENERAL
campo de control de longitud fija t|
008 - DATOS DE LONGITUD FIJA--INFORMACIÓN GENERAL
campo de control de longitud fija 061121s1966 ve r ||||1| spa d
080 ## - NÚMERO DE LA CLASIFICACIÓN DECIMAL UNIVERSAL
Número de la Clasificación Decimal Universal 352/353(460)"17/18"
080 ## - NÚMERO DE LA CLASIFICACIÓN DECIMAL UNIVERSAL
Número de la Clasificación Decimal Universal 352/353(8=134)"17/18"
100 1# - ENTRADA PRINCIPAL--NOMBRE DE PERSONA
Nombre de persona Morazzani de Pérez Enciso, Gisela.
9 (RLIN) 83177
245 13 - MENCIÓN DEL TÍTULO
Título La Intendencia en España y América /
Mención de responsabilidad, etc. Gisela Morazzani de Pérez Enciso ; prólogo de Eduardo Arcila Farias.
260 ## - PUBLICACIÓN, DISTRIBUCIÓN, ETC.
Lugar de publicación, distribución, etc. Caracas :
Nombre del editor, distribuidor, etc. Universidad Central de Venezuela, Consejo de Desarrollo Científico y Humanístico,
Fecha de publicación, distribución, etc. 1966.
300 ## - DESCRIPCIÓN FÍSICA
Extensión 596 p. ;
Dimensiones 24.
650 #4 - PUNTO DE ACCESO ADICIONAL DE MATERIA--TÉRMINO DE MATERIA
Término de materia o nombre geográfico como elemento de entrada Administración local-
Subdivisión geográfica España-
Subdivisión cronológica S.XVIII.
9 (RLIN) 9636
650 #4 - PUNTO DE ACCESO ADICIONAL DE MATERIA--TÉRMINO DE MATERIA
Término de materia o nombre geográfico como elemento de entrada Administración local-
Subdivisión geográfica España-
Subdivisión cronológica S.XIX.
9 (RLIN) 165454
650 #4 - PUNTO DE ACCESO ADICIONAL DE MATERIA--TÉRMINO DE MATERIA
Término de materia o nombre geográfico como elemento de entrada Administración local-
Subdivisión geográfica América Latina.
9 (RLIN) 174464
700 1# - ENTRADA AGREGADA--NOMBRE PERSONAL
Nombre de persona Arcila Farias, Eduardo.
9 (RLIN) 22492
710 2# - ENTRADA AGREGADA--NOMBRE DE ENTIDAD CORPORATIVA
Nombre de entidad corporativa o nombre de jurisdicción como elemento de entrada Universidad Central de Venezuela.
9 (RLIN) 7083
852 4# - LOCALIZACIÓN
Ubicación ES-MaACL
Número de control de estantería C-31558
Holdings
Estatus retirado Estado de pérdida Estado de daño No para préstamo Biblioteca de origen Biblioteca actual Ubicación en estantería Fecha de adquisición Fuente de adquisición Total de préstamos Signatura topográfica completa Código de barras Visto por última vez Precio de reemplazo Tipo de ítem Koha
        Biblioteca del Ateneo de Madrid Biblioteca del Ateneo de Madrid Depósito 2 17/01/2008     C-31558 1112213 23/02/2023 23/02/2023 Libro impreso